<?xml version="1.0" encoding="UTF-8"?>
<record
    xmlns:xsi="http://www.w3.org/2001/XMLSchema-instance"
    xsi:schemaLocation="http://www.loc.gov/MARC21/slim http://www.loc.gov/standards/marcxml/schema/MARC21slim.xsd"
    xmlns="http://www.loc.gov/MARC21/slim">

  <leader>00812nam a22001817a 4500</leader>
  <controlfield tag="001">10024</controlfield>
  <controlfield tag="003">FISKH</controlfield>
  <controlfield tag="005">20260401112804.0</controlfield>
  <controlfield tag="008">260330b        cb ||||| |||| 00| 0 eng d</controlfield>
  <datafield tag="020" ind1=" " ind2=" ">
    <subfield code="a">9787536574366</subfield>
  </datafield>
  <datafield tag="040" ind1=" " ind2=" ">
    <subfield code="a">FISKH</subfield>
    <subfield code="b">chi </subfield>
    <subfield code="c">FISKH</subfield>
    <subfield code="d">FISKH</subfield>
  </datafield>
  <datafield tag="100" ind1=" " ind2=" ">
    <subfield code="a">&#x5317;&#x732B;</subfield>
  </datafield>
  <datafield tag="245" ind1=" " ind2=" ">
    <subfield code="a">&#x7C73;&#x5C0F;&#x5708;&#x8111;&#x7B4B;&#x6025;&#x8F6C;&#x5F2F; /</subfield>
    <subfield code="c">&#x5317;&#x732B;</subfield>
  </datafield>
  <datafield tag="300" ind1=" " ind2=" ">
    <subfield code="a">134 pages : </subfield>
    <subfield code="b">color illustrations ;</subfield>
    <subfield code="c">17 cm .</subfield>
  </datafield>
  <datafield tag="520" ind1=" " ind2=" ">
    <subfield code="a">&#x300A;&#x7C73;&#x5C0F;&#x5708;&#x8111;&#x7B4B;&#x6025;&#x8F6C;&#x5F2F;&#x2011;&#x8111;&#x529B;&#x6311;&#x6218;&#x8D5B;&#x300B;&#x662F;&#x4E00;&#x672C;&#x9762;&#x5411;&#x513F;&#x7AE5;&#x7684;&#x76CA;&#x667A;&#x8111;&#x7B4B;&#x6025;&#x8F6C;&#x5F2F;&#x4E66;&#x7C4D;&#xFF0C;&#x4EE5;&#x8C03;&#x76AE;&#x53EF;&#x7231;&#x7684;&#x4E3B;&#x89D2;&#x7C73;&#x5C0F;&#x5708;&#x4E3A;&#x4E3B;&#x7EBF;&#x3002;&#x5168;&#x4E66;&#x8BBE;&#x7F6E;&#x4E86;&#x4E09;&#x5173;&#x6311;&#x6218;&#xFF0C;&#x901A;&#x8FC7;&#x4E00;&#x4E2A;&#x6545;&#x4E8B;&#x4E32;&#x8054;&#x6BCF;&#x5173;&#x8C1C;&#x9898;&#x3002;&#x7AE0;&#x8282;&#x8BBE;&#x8BA1;&#x65E2;&#x5E7D;&#x9ED8;&#x53C8;&#x5BCC;&#x6709;&#x8DA3;&#x5473;&#x6027;&#xFF0C;&#x80FD;&#x591F;&#x5438;&#x5F15;&#x5B69;&#x5B50;&#x5F00;&#x52A8;&#x8111;&#x7B4B;&#x3001;&#x57F9;&#x517B;&#x903B;&#x8F91;&#x601D;&#x7EF4;&#x548C;&#x521B;&#x9020;&#x529B;&#xFF0C;&#x540C;&#x65F6;&#x5728;&#x9605;&#x8BFB;&#x4E2D;&#x83B7;&#x5F97;&#x6109;&#x5FEB;&#x4F53;&#x9A8C;&#x3002;</subfield>
  </datafield>
  <datafield tag="942" ind1=" " ind2=" ">
    <subfield code="2">ddc</subfield>
    <subfield code="c">BOOK</subfield>
    <subfield code="n">0</subfield>
  </datafield>
  <datafield tag="999" ind1=" " ind2=" ">
    <subfield code="c">10024</subfield>
    <subfield code="d">10024</subfield>
  </datafield>
  <datafield tag="952" ind1=" " ind2=" ">
    <subfield code="0">0</subfield>
    <subfield code="1">0</subfield>
    <subfield code="2">ddc</subfield>
    <subfield code="4">0</subfield>
    <subfield code="7">0</subfield>
    <subfield code="8">REF</subfield>
    <subfield code="a">002</subfield>
    <subfield code="b">002</subfield>
    <subfield code="c">LSHTTP</subfield>
    <subfield code="d">2026-03-30</subfield>
    <subfield code="l">0</subfield>
    <subfield code="o">&#x5317;&#x732B;</subfield>
    <subfield code="p">2026-0406</subfield>
    <subfield code="r">2026-03-30 15:02:00</subfield>
    <subfield code="w">2026-03-30</subfield>
    <subfield code="y">BK</subfield>
  </datafield>
</record>
